Where on Earth is Jeppy Sandiego - Statistics

General Stats
  • This quiz has been taken 52 times
  • The average score is 8 of 10
Answer Stats
Hint # Hint Answer % Correct
Hint #1 Jeppy is going to a place where you can see a small Eiffel Tower Las Vegas
90%
Hint #2 Jeppy took a plane to an island nation where you can see a Kiwi Bird New Zealand
88%
Hint #3 From that Island nation, he went to a city in Australia where he hid in the Opera House there Sydney
88%
Hint #4 After his visit to the Opera, Jeppy Sandiego went to Mount Fuji which is in ____, Japan Tokyo
80%
Hint #8 Jeppy had to abandon this plan because there were no planes going there. He instead went to the capital of Brazil Brasilia
78%
Hint #6 The Pope made Jeppy leave so he had to enter this country that surrounds the Pope. Italy
78%
Hint #7 Jeppy saw you getting close, so he went into this country which he called DPRK North Korea
78%
Hint #5 After visiting Tokyo, Japan, Jeppy saw the Pope in this country Vatican City
75%
Hint #9 Brazilian authorities start to help you, they tell you that Jeppy left for a city where the President of the US lives Washington D.C.
75%
Hint #10 Jeppy tries to outrun you but you notify the police and they start looking for Jeppy. You corner Jeppy at a building where Congress meets Capitol Building
23%
No matching quizzes found
Score Distribution
Percent of People with Each Score
Percentile by Number Answered
Your Score History
You have not taken this quiz